Statistics for Countries Closest to Romania - 15 Second Sprint

Click here to take the quiz!

General Stats

  • This quiz has been taken 83 times
  • The average score is 6 of 20

Answer Stats

kmcountry% Correct
0Bulgaria
84%
0Serbia
77%
0Hungary
75%
0Ukraine
75%
0Moldova
70%
68Slovakia
33%
235Greece
30%
220Russia
23%
101Poland
18%
107Croatia
16%
156Kosovo
14%
284Slovenia
14%
201Turkey
14%
129Bosnia and
Herzegovina
12%
170Macedonia
12%
266Albania
11%
304Austria
11%
322Czechia
11%
221Montenegro
11%
365Belarus
9%

Score Distribution

Percentile by Number Answered

Percent of People with Each Score

Your Score History

You have not taken this quiz